00719nam a22002655i 450000100090000000300050000900500170001400800410003101000170007202000430008903800160013204000230014804200080017108200090017910000240018824500520021225000120026426300090027626400550028530000150034033600260035533700280038133800270040949000170043618948622NUST20180524053257.0160127s2016 nyu 000 0 eng  a 2016931909 a9783662489918 (hardcover : alk. paper) aSNS Library aDLCbengerdacDLC apcc a515 1 aZorich, Vladimir A.10aMathematical analysis II /cVladimir A. Zorich. a2nd ed. a1602 1aNew York, NY :bSpringer Berlin Heidelberg,c2016. a20 p.bHb. atextbtxt2rdacontent aunmediatedbn2rdamedia avolumebnc2rdacarrier0 aUniversitext